000 00255nam a22000977a 4500
008 160614b xxu||||| |||| 00| 0 eng d
020 _a9780074636664
100 _92
_aJerke, Noel
245 _aVisual Basic 6
_bThe Complete Reference
260 _aNew Delhi
_bMcGrawHill
999 _c2
_d2